[Event "NK Jeugd Cm"]
[Site "Assen"]
[Date "2017.04.28"]
[Round "8.2"]
[White "De Zoeten, Cato"]
[Black "Roebers, Eline"]
[Result "0-1"]
[WhiteElo "1269"]
[BlackElo "1788"]
[PlyCount "184"]
[EventDate "2017.??.??"]

1. e4 c6 2. d4 d5 3. exd5 cxd5 4. c4 Nf6 5. Nc3 Nc6 6. Nf3 g6 7. cxd5 Nxd5 8.
Bc4 Nxc3 9. bxc3 Bg7 10. O-O O-O 11. h3 Qc7 12. Bd3 Rd8 13. Re1 e5 14. dxe5
Nxe5 15. Nxe5 Bxe5 16. Re3 Bxc3 17. Qc2 Be5 18. Qxc7 Bxc7 19. Bb2 Bb6 20. Rf3
Bd4 21. Bxd4 Rxd4 22. Re1 Be6 23. Be4 Rb4 24. a3 Rb6 25. g4 Rc8 26. Rd3 g5 27.
Kg2 Kg7 28. Kg3 h6 29. f4 gxf4+ 30. Kxf4 Rc7 31. Ree3 Rd7 32. Rxd7 Bxd7 33. Bd5
Rf6+ 34. Kg3 Bc6 35. Bxc6 Rxc6 36. h4 Ra6 37. Kf2 Ra4 38. Kf3 b5 39. Rb3 a6 40.
Kg3 Kg6 41. Rd3 a5 42. Kf3 b4 43. axb4 Rxb4 44. Rd6+ Kg7 45. Ra6 a4 46. Kg3
Rb3+ 47. Kf4 a3 48. Ke4 Rh3 49. h5 Rb3 50. Kf4 Rb4+ 51. Kg3 Rb3+ 52. Kf4 Rc3
53. Ke4 Rb3 54. Kf4 Rd3 55. Ke4 Rh3 56. Kf4 Rb3 57. Ke4 Rc3 58. Kf4 Rb3 59. Ke4
Rh3 60. Kf4 Rd3 61. Ke4 Rc3 62. Kf4 Rb3 63. Ke4 Rc3 64. Kf4 Rb3 65. Ke4 Rh3 66.
Kf4 Rc3 67. Ke4 Rb3 68. Kf4 Rh3 69. Ke4 Rc3 70. Kf4 Rd3 71. Ke4 Rb3 72. Kf4 Kh7
73. Ra7 Kg8 74. g5 Rb4+ 75. Kg3 hxg5 76. Rxa3 Rh4 77. Ra5 f6 78. Ra6 Kg7 79.
Ra7+ Kh6 80. Ra6 Rf4 81. Ra8 Kxh5 82. Rf8 Kg6 83. Rb8 Re4 84. Kf3 Kf5 85. Rf8
Rf4+ 86. Kg3 Ra4 87. Kf3 Ra3+ 88. Ke2 Ke5 89. Re8+ Kf4 90. Rf8 f5 91. Rc8 g4
92. Rg8 g3 0-1

[Event "NK Jeugd Cm"]
[Site "Assen"]
[Date "2017.04.28"]
[Round "8.3"]
[White "Martinez, Sara"]
[Black "De Putter, Nina"]
[Result "1-0"]
[WhiteElo "1496"]
[BlackElo "1459"]
[PlyCount "67"]
[EventDate "2017.??.??"]

1. e4 d5 2. exd5 Nf6 3. d4 Nxd5 4. Nf3 g6 5. c4 Nb6 6. c5 Nd5 7. Bc4 Bg7 8. Qb3
e6 9. Nc3 Nxc3 10. bxc3 O-O 11. O-O b6 12. cxb6 axb6 13. d5 Qd6 14. a4 Re8 15.
Rd1 Qe7 16. Ba3 Qf6 17. Nd4 Na6 18. Bb5 Rd8 19. Nc6 Re8 20. Rac1 exd5 21. Qxd5
Be6 22. Qd3 Nc5 23. Bxc5 bxc5 24. Qg3 Rec8 25. a5 Bh6 26. Ra1 Bg7 27. a6 Qxc3
28. Qxc3 Bxc3 29. Rac1 Bf6 30. Rxc5 Bb3 31. Rb1 Ba2 32. Re1 Be6 33. a7 Kg7 34.
Ba6 1-0

[Event "NK Jeugd Cm"]
[Site "Assen"]
[Date "2017.04.28"]
[Round "8.4"]
[White "Mang, Jessie"]
[Black "Raulji, Kavya"]
[Result "1/2-1/2"]
[WhiteElo "1552"]
[BlackElo "1279"]
[PlyCount "108"]
[EventDate "2017.??.??"]

1. e4 c5 2. Nf3 d6 3. d4 cxd4 4. Nxd4 Nf6 5. Nc3 a6 6. Be2 e5 7. Nb3 Be7 8. O-O
Nbd7 9. Kh1 O-O 10. f4 b5 11. a3 Bb7 12. Bf3 Nb6 13. Qd3 Qc7 14. Na5 Rac8 15.
Be3 Nc4 16. Nxc4 Qxc4 17. Rad1 b4 18. Qxc4 Rxc4 19. fxe5 dxe5 20. axb4 Bxb4 21.
Nd5 Nxe4 22. Nxb4 Rxb4 23. Bxe4 Rxe4 24. Bc5 Rc8 25. Rd7 f6 26. Rxb7 Rxc5 27.
Rd1 h6 28. c3 Rb5 29. Rxb5 axb5 30. Kg1 Re2 31. b4 Rc2 32. Rd8+ Kh7 33. Rb8
Rxc3 34. Rxb5 Rb3 35. Kf2 Kg6 36. Rb8 Kf5 37. b5 Ke6 38. b6 Kd6 39. b7 Kc7 40.
Rg8 Rxb7 41. Rxg7+ Kc6 42. Rg6 Rh7 43. Rxf6+ Kd5 44. Ke3 h5 45. Rf5 h4 46. Kf3
h3 47. g3 Kd4 48. Rf8 e4+ 49. Ke2 Rh5 50. Rd8+ Rd5 51. Rh8 Ra5 52. Rd8+ Rd5 53.
Rh8 Ra5 54. Rd8+ Rd5 1/2-1/2

[Event "NK Jeugd Cm"]
[Site "Assen"]
[Date "2017.04.28"]
[Round "8.5"]
[White "Boghossian, Linet"]
[Black "Honkoop, Stella"]
[Result "1/2-1/2"]
[WhiteElo "1288"]
[BlackElo "1389"]
[PlyCount "53"]
[EventDate "2017.??.??"]

1. e4 d6 2. d4 Nf6 3. Nc3 Nbd7 4. Bc4 e5 5. Nge2 Be7 6. O-O c6 7. Bb3 Qc7 8. a3
h6 9. Ng3 Nf8 10. dxe5 dxe5 11. Nh5 Nxh5 12. Qxh5 Be6 13. Bxe6 Nxe6 14. Be3 g5
15. Rad1 Nf4 16. Bxf4 gxf4 17. Rd3 Bd6 18. Qf5 Rd8 19. Qf6 Rh7 20. Rfd1 Be7 21.
Rxd8+ Bxd8 22. Qf5 f6 23. Qg6+ Qf7 24. Qxf7+ Rxf7 25. Rd3 Be7 26. Kf1 Bf8 27.
Ke2 1/2-1/2

[Event "NK Jeugd Cm"]
[Site "Assen"]
[Date "2017.04.28"]
[Round "8.6"]
[White "Tiggelman, Laura"]
[Black "Woest, Imre"]
[Result "1/2-1/2"]
[WhiteElo "1114"]
[BlackElo "1332"]
[PlyCount "60"]
[EventDate "2017.??.??"]

1. e4 c5 2. Nf3 d6 3. Bd3 Nf6 4. c3 g6 5. Bc2 Bg7 6. d3 O-O 7. O-O Nc6 8. Nbd2
Bd7 9. d4 Rc8 10. Re1 Nh5 11. e5 cxd4 12. cxd4 dxe5 13. dxe5 Bg4 14. h3 Bxf3
15. Nxf3 Qxd1 16. Bxd1 Nb4 17. Bd2 Nd3 18. Re4 Bh8 19. Rb1 Ng7 20. Be2 Nc5 21.
Rc4 Nge6 22. Rbc1 Rc7 23. b4 Na6 24. Be3 b6 25. a3 Rfc8 26. g3 Kf8 27. Kg2 Ke8
28. h4 Bg7 29. g4 h6 30. Kg3 Kf8 1/2-1/2

[Event "NK Jeugd Cm"]
[Site "Assen"]
[Date "2017.04.28"]
[Round "8.7"]
[White "Arnold, Kiri"]
[Black "Mang, Dalya"]
[Result "1/2-1/2"]
[WhiteElo "1104"]
[BlackElo "1000"]
[PlyCount "96"]
[EventDate "2017.??.??"]

1. e4 e5 2. Nf3 Nc6 3. Bb5 a6 4. Ba4 Nf6 5. d3 Bc5 6. c3 d6 7. d4 exd4 8. cxd4
Bb4+ 9. Bd2 O-O 10. O-O Nxe4 11. Bxc6 Nxd2 12. Bxb7 Bxb7 13. Nbxd2 Bxd2 14.
Nxd2 Qh4 15. Nb3 Qg5 16. f3 Rfe8 17. Qc1 Qd8 18. Qc3 Rc8 19. Qd2 Re6 20. Rae1
Rg6 21. Qe3 h6 22. Qf4 Qd7 23. Kh1 Re8 24. Rxe8+ Qxe8 25. Qd2 Bd5 26. Re1 Qc6
27. Rc1 Qb6 28. Qe3 Qb5 29. Re1 Re6 30. Qd2 Kf8 31. Rc1 c6 32. Qc3 Re2 33. h3
Bxb3 34. axb3 Qg5 35. Rg1 Qd5 36. Rc1 Qg5 37. Rg1 c5 38. dxc5 dxc5 39. Qa5 Rxb2
40. Qxa6 Kg8 41. Qc4 Qe3 42. Qa6 Qe5 43. Qc4 Ra2 44. Qd3 Qb8 45. Qc4 Qb4 46.
Rc1 Qd2 47. Rg1 Rc2 48. Qe4 Kf8 1/2-1/2

[Event "NK Jeugd Cm"]
[Site "Assen"]
[Date "2017.04.28"]
[Round "8.8"]
[White "Van Dongen, Lana"]
[Black "Basa, Manasvita"]
[Result "0-1"]
[WhiteElo "906"]
[BlackElo "935"]
[PlyCount "88"]
[EventDate "2017.??.??"]

1. c4 e5 2. Nc3 Bc5 3. g3 f5 4. d3 d6 5. Bg2 Nc6 6. a3 Bd7 7. Rb1 h6 8. b4 Bb6
9. Bb2 Nf6 10. h3 O-O 11. Nf3 Qe8 12. Nd2 a5 13. bxa5 Bxa5 14. Ra1 Qg6 15. Qc2
f4 16. g4 Nd4 17. Qd1 Rae8 18. Nce4 Bc6 19. Nxf6+ Rxf6 20. Bxc6 bxc6 21. Bxd4
exd4 22. Qa4 Bxd2+ 23. Kxd2 f3 24. e3 dxe3+ 25. fxe3 Qg5 26. Qa7 c5 27. Rae1 f2
28. Qxc7 fxe1=Q+ 29. Rxe1 Rf2+ 30. Kc3 Qe5+ 31. Kb3 Qb2+ 32. Ka4 Ra8+ 33. Qa5
Rxa5+ 34. Kxa5 Qxa3+ 35. Kb6 Rb2+ 36. Kc6 Qb4 37. Ra1 Qb6+ 38. Kd5 Rd2 39. Ra8+
Kh7 40. Ke6 d5+ 41. Kxd5 Rxd3+ 42. Ke5 Rxe3+ 43. Kf4 Qe6 44. g5 Qe4# 0-1

[Event "NK Jeugd Cm"]
[Site "Assen"]
[Date "2017.04.28"]
[Round "8.9"]
[White "Rijken, Heidi"]
[Black "Hatzmann, Mirthe"]
[Result "1/2-1/2"]
[WhiteElo "1035"]
[BlackElo "915"]
[PlyCount "80"]
[EventDate "2017.??.??"]

1. d4 d5 2. c4 e6 3. Nc3 Nf6 4. Nf3 Nc6 5. Bd2 Bd7 6. e3 Be7 7. Bd3 O-O 8. O-O
Re8 9. a3 Bd6 10. cxd5 exd5 11. Re1 Bg4 12. Be2 h6 13. h3 Bf5 14. Rc1 a6 15.
Qb3 Na5 16. Qa4 Nc6 17. Kh1 Ne7 18. Qb3 Rb8 19. Bf1 Kh8 20. Nd1 Qd7 21. Bb4
Bxb4 22. Qxb4 Kg8 23. Ne5 Qd8 24. Qb3 Ng6 25. Nxg6 Bxg6 26. Bd3 Bxd3 27. Qxd3
Qd6 28. Kg1 Qb6 29. Re2 Re7 30. Rec2 Rc8 31. Nc3 c6 32. Ne2 Qd8 33. Ng3 Rec7
34. Nf5 Qd7 35. Nh4 Qe7 36. Nf3 Ne4 37. Nd2 Nxd2 38. Qxd2 Qe4 39. Rc3 Kf8 40.
Qc2 Qxc2 1/2-1/2

[Event "NK Jeugd Cm"]
[Site "Assen"]
[Date "2017.04.28"]
[Round "8.10"]
[White "Van Essen, Marieke"]
[Black "Stevanovic, Alexandra"]
[Result "1-0"]
[WhiteElo "821"]
[BlackElo "839"]
[PlyCount "77"]
[EventDate "2017.??.??"]

1. e4 e5 2. Nf3 Nc6 3. Bb5 Bd6 4. d3 a6 5. Bc4 Nf6 6. Bg5 O-O 7. Nc3 Be7 8. O-O
d6 9. h3 Be6 10. Bb3 h6 11. Bh4 Nh7 12. Bg3 a5 13. d4 exd4 14. Nxd4 Nxd4 15.
Qxd4 Bf6 16. Qd3 Bh4 17. Nb5 a4 18. Bxh4 Qxh4 19. Bxe6 fxe6 20. Nxc7 Rac8 21.
Qxd6 Qd8 22. Qxe6+ Rf7 23. Nb5 Qe8 24. Qxe8+ Rxe8 25. Nd6 Re5 26. Nxf7 Kxf7 27.
Rfe1 Ng5 28. f3 Rc5 29. Rac1 Rb5 30. b3 a3 31. Rcd1 b6 32. Rd5 Rxd5 33. exd5
Nh7 34. c4 g6 35. b4 Nf6 36. d6 g5 37. c5 bxc5 38. bxc5 h5 39. c6 1-0

[Event "NK Jeugd Cm"]
[Site "Assen"]
[Date "2017.04.28"]
[Round "8.11"]
[White "Lukasiak, Alicja"]
[Black "Bruggink, Lyne"]
[Result "1/2-1/2"]
[WhiteElo "175"]
[BlackElo "849"]
[PlyCount "74"]
[EventDate "2017.??.??"]

1. e4 e5 2. Nf3 Nc6 3. Bc4 Bc5 4. c3 Nf6 5. d3 Na5 6. Bg5 Be7 7. Na3 d6 8. O-O
Bg4 9. b4 Nxc4 10. Nxc4 a6 11. Bxf6 Bxf6 12. d4 exd4 13. cxd4 Bxf3 14. Qxf3
Bxd4 15. Rad1 Bf6 16. e5 Be7 17. Qxb7 O-O 18. a3 Qb8 19. Qxb8 Raxb8 20. exd6
cxd6 21. Nxd6 Bxd6 22. Rxd6 Ra8 23. h3 f6 24. Rc1 Rfd8 25. Rxd8+ Rxd8 26. a4
Rd4 27. Rc8+ Kf7 28. Rc7+ Kg6 29. Ra7 Rd6 30. b5 axb5 31. axb5 Rb6 32. Ra5 Kf5
33. g4+ Ke4 34. Kg2 g5 35. Ra6 Rxb5 36. Rxf6 Rb7 37. Kg3 Rb3+ 1/2-1/2

[Event "NK Jeugd Cm"]
[Site "Assen"]
[Date "2017.04.29"]
[Round "9.1"]
[White "Raulji, Kavya"]
[Black "Adema, Marrit"]
[Result "0-1"]
[WhiteElo "1279"]
[BlackElo "1379"]
[PlyCount "118"]
[EventDate "2017.??.??"]

1. e4 c5 2. Nf3 d6 3. d4 cxd4 4. Nxd4 Nf6 5. Nc3 g6 6. Be2 Bg7 7. O-O Nc6 8.
Be3 O-O 9. Qd2 d5 10. exd5 Nxd5 11. Nxd5 Nxd4 12. Bxd4 Qxd5 13. c3 Rd8 14. Rad1
Bxd4 15. Qxd4 Qxd4 16. Rxd4 Rxd4 17. cxd4 Be6 18. b3 Rc8 19. Bd3 Rd8 20. Be4
Rxd4 21. Bxb7 Rd2 22. Ra1 Kg7 23. Ba6 f5 24. Kf1 Kf6 25. f3 Bd5 26. Be2 e6 27.
Kf2 f4 28. g3 g5 29. g4 Rc2 30. h3 Ke5 31. Kf1 Kd6 32. Ke1 Kc5 33. Kd1 Rb2 34.
Rc1+ Kd4 35. Ke1 Rxa2 36. b4 Rb2 37. b5 Rb3 38. Kf2 Rc3 39. Rb1 Rc2 40. Rd1+
Kc5 41. Ke1 Kb4 42. Rb1+ Kc3 43. b6 axb6 44. Rxb6 Kd4 45. Ra6 Rc3 46. Kf2 Rc2
47. Ke1 Rxe2+ 48. Kxe2 Bc4+ 49. Kf2 Bxa6 50. Kg2 e5 51. Kf2 Kd3 52. Kg2 Ke3 53.
Kg1 Kxf3 54. Kh2 e4 55. Kg1 e3 56. Kh2 e2 57. h4 e1=Q 58. h5 Qg3+ 59. Kh1 Qg2#
0-1

[Event "NK Jeugd Cm"]
[Site "Assen"]
[Date "2017.04.29"]
[Round "9.2"]
[White "Roebers, Eline"]
[Black "Boghossian, Linet"]
[Result "1-0"]
[WhiteElo "1788"]
[BlackElo "1288"]
[PlyCount "125"]
[EventDate "2017.??.??"]

1. e4 e5 2. Nc3 Nc6 3. f4 exf4 4. Nf3 Bb4 5. Bc4 d6 6. O-O Bg4 7. Bb5 Nf6 8. d3
O-O 9. Bxc6 bxc6 10. Bxf4 h6 11. h3 Bh5 12. g4 Bg6 13. Nh4 Bh7 14. Nf5 Bxf5 15.
gxf5 Nd7 16. Ne2 Re8 17. Kh2 d5 18. Ng3 dxe4 19. Nxe4 Nf6 20. Qf3 Nxe4 21. dxe4
Bd6 22. Kh1 Bxf4 23. Qxf4 Qd4 24. Rae1 Qxb2 25. Rg1 Qc3 26. Re3 Qe5 27. Qxh6
Kf8 28. Qxc6 Qd4 29. Rge1 Qd6 30. Qc4 Qe5 31. Qc3 Qxc3 32. Rxc3 Re7 33. Kg2 Re5
34. Kf3 Ra5 35. a3 Rc8 36. Rb1 c5 37. Rb7 Rc6 38. Rd3 Rc8 39. h4 Kg8 40. Rdb3
c4 41. Rc3 f6 42. Rb4 Rac5 43. Ke3 Re8 44. Rbxc4 Rxf5 45. Rc8 Rfe5 46. Rxe8+
Rxe8 47. Rc5 Re7 48. Kd4 Rd7+ 49. Kc4 Rb7 50. h5 Kh7 51. Kd4 Rb6 52. Ra5 Rb7
53. c4 Rd7+ 54. Rd5 Rb7 55. Kc3 Re7 56. Kd4 Rb7 57. c5 Rb3 58. c6 Rb1 59. c7
Rd1+ 60. Kc5 Rc1+ 61. Kd6 g5 62. hxg6+ Kxg6 63. Rc5 1-0

[Event "NK Jeugd Cm"]
[Site "Assen"]
[Date "2017.04.29"]
[Round "9.3"]
[White "Honkoop, Stella"]
[Black "Martinez, Sara"]
[Result "1/2-1/2"]
[WhiteElo "1389"]
[BlackElo "1496"]
[PlyCount "86"]
[EventDate "2017.??.??"]

1. e4 e6 2. d4 d5 3. e5 c5 4. c3 Nc6 5. Nf3 Qb6 6. Bd3 cxd4 7. cxd4 Bd7 8. Be2
Nge7 9. Na3 a6 10. Kf1 Nf5 11. Nc2 h5 12. g3 Be7 13. h3 f6 14. b3 fxe5 15. dxe5
Bc5 16. Rh2 g6 17. Rb1 a5 18. Rg2 Rf8 19. Bf4 Nfd4 20. Ncxd4 Nxd4 21. Nxd4 Bxd4
22. h4 Bc6 23. Qd3 Rg8 24. Rh2 Bc5 25. Bg5 Kd7 26. Rd1 Raf8 27. Bf4 Rf5 28. Qc2
Rgf8 29. Rc1 Bd4 30. Bd3 Bb5 31. Bxb5+ Qxb5+ 32. Kg1 Qb6 33. Qd2 Bxe5 34. Bxe5
Rxe5 35. Qc2 Ref5 36. Qb2 R5f6 37. Qd2 Qb4 38. Qc2 Qb6 39. Qd2 Rf3 40. Rg2 R3f6
41. Rh2 Qd6 42. Qxa5 Rxf2 43. Qb5+ Kd8 1/2-1/2

[Event "NK Jeugd Cm"]
[Site "Assen"]
[Date "2017.04.29"]
[Round "9.4"]
[White "De Boer, Marit"]
[Black "Mang, Jessie"]
[Result "0-1"]
[WhiteElo "1194"]
[BlackElo "1552"]
[PlyCount "134"]
[EventDate "2017.??.??"]

1. d4 d5 2. c4 e6 3. Nc3 Be7 4. Bf4 Nf6 5. e3 O-O 6. Nf3 Nbd7 7. Nb5 Bb4+ 8.
Nd2 Ne4 9. Bxc7 Qf6 10. Qf3 Qxf3 11. gxf3 Nxd2 12. a3 Nb3+ 13. axb4 Nxa1 14.
Bd6 Rd8 15. Nc7 Rb8 16. Nxe6 fxe6 17. Bxb8 Nxb8 18. Kd2 Nc6 19. Be2 Nb3+ 20.
Kc3 dxc4 21. Bxc4 Nbxd4 22. exd4 Nxd4 23. f4 Nf5 24. Ra1 a6 25. b5 axb5 26.
Bxb5 Kf7 27. b3 Nd4 28. Bc4 Kf6 29. Ra2 Kf5 30. Bd3+ Kxf4 31. Bxh7 Nf3 32. Ra4+
Kg5 33. h3 Rh8 34. Rg4+ Kf6 35. Rf4+ Ke7 36. Rxf3 Rxh7 37. Kd4 Rh5 38. Rc3 Bd7
39. Rc7 Rb5 40. Kc4 Rb6 41. b4 Rc6+ 42. Rxc6 Bxc6 43. b5 Bd5+ 44. Kd4 Kf6 45.
f4 Kf5 46. Ke3 Bg2 47. b6 Bxh3 48. Kf3 e5 49. fxe5 Kxe5 50. Kg3 Bf5 51. Kf3 Kd6
52. Kf4 g6 53. Kg5 Kc6 54. Kh6 Kxb6 55. Kg5 Kc5 56. Kh6 b5 57. Kg5 b4 58. Kh4
b3 59. Kg3 b2 60. Kh4 b1=Q 61. Kg5 Kd5 62. Kh6 Ke5 63. Kg5 Qg1+ 64. Kh6 Kf6 65.
Kh7 Qh2+ 66. Kg8 Qh3 67. Kf8 Qh8# 0-1

[Event "NK Jeugd Cm"]
[Site "Assen"]
[Date "2017.04.29"]
[Round "9.5"]
[White "De Putter, Nina"]
[Black "Tiggelman, Laura"]
[Result "1/2-1/2"]
[WhiteElo "1459"]
[BlackElo "1114"]
[PlyCount "109"]
[EventDate "2017.??.??"]

1. e4 c5 2. Nf3 d6 3. d4 cxd4 4. Nxd4 Nf6 5. Nc3 g6 6. f4 Nbd7 7. Bb5 a6 8. Be2
Bg7 9. Be3 Qc7 10. g4 Nc5 11. Bf3 O-O 12. g5 Nfd7 13. h4 Nb6 14. Qe2 Nca4 15.
Nxa4 Nxa4 16. Rb1 Qa5+ 17. c3 Nxc3 18. bxc3 Qxc3+ 19. Qd2 Bxd4 20. Qxc3 Bxc3+
21. Ke2 b5 22. e5 Rb8 23. Ba7 Bf5 24. Bxb8 Bxb1 25. Bxd6 exd6 26. Rxb1 dxe5 27.
fxe5 Bxe5 28. Bb7 Bg3 29. Bxa6 Bxh4 30. Bxb5 Bxg5 31. a4 Bd8 32. Kf3 g5 33. Rg1
h6 34. Kg4 f5+ 35. Kh5 Kg7 36. Re1 Rf6 37. Re8 Rd6 38. Re3 Rd4 39. Rh3 g4 40.
Rg3 Bc7 41. Rd3 Rxd3 42. Bxd3 g3 43. Bf1 f4 44. Kg4 Kf6 45. a5 Ke5 46. a6 Bb6
47. Bg2 h5+ 48. Kxh5 Kd4 49. Kg4 Ke3 50. Bb7 Ba7 51. Bc6 Bb8 52. Bb7 Kf2 53. a7
g2 54. Bxg2 Bxa7 55. Kxf4 1/2-1/2

[Event "NK Jeugd Cm"]
[Site "Assen"]
[Date "2017.04.29"]
[Round "9.6"]
[White "Basa, Manasvita"]
[Black "De Zoeten, Cato"]
[Result "1-0"]
[WhiteElo "935"]
[BlackElo "1269"]
[PlyCount "164"]
[EventDate "2017.??.??"]

1. e4 c5 2. Nc3 e6 3. f4 d5 4. Nf3 dxe4 5. Nxe4 Nc6 6. Bc4 Nf6 7. d3 Nxe4 8.
dxe4 Qxd1+ 9. Kxd1 Be7 10. Bd2 O-O 11. Ke2 a6 12. a4 Bd7 13. Rad1 Rfd8 14. Bc3
Nb4 15. Bb3 Rac8 16. Ne5 Be8 17. Bd2 Nc6 18. Nc4 Nd4+ 19. Kf2 Nxb3 20. cxb3 b5
21. axb5 axb5 22. Ne5 f6 23. Nf3 Rd3 24. Bc3 Rcd8 25. Rxd3 Rxd3 26. Ke2 Rd8 27.
Ra1 b4 28. Be1 Bb5+ 29. Kf2 Rd3 30. Nd2 Bd8 31. Ra8 Kf7 32. Rc8 Rd6 33. Nc4 Rd3
34. Rxc5 Bxc4 35. Rxc4 Rxb3 36. Rxb4 Rd3 37. Rb7+ Kg6 38. Ke2 Rd6 39. b4 Rc6
40. b5 Rc2+ 41. Kf3 Rb2 42. Bf2 Rb3+ 43. Be3 Ba5 44. Ke2 Rb2+ 45. Kd1 Rxg2 46.
b6 Rb2 47. Kc1 Rb3 48. Bd4 Rb4 49. Bf2 Rxe4 50. Ra7 Bxb6 51. Bxb6 Rxf4 52. Be3
Rc4+ 53. Kd2 Rc8 54. Ra1 e5 55. Rg1+ Kf7 56. Rg2 g6 57. Rf2 f5 58. Bg5 e4 59.
Ke3 Ke6 60. Kf4 Rc7 61. Rd2 Rc3 62. Rf2 Rc7 63. Ke3 Rd7 64. Ra2 Rd3+ 65. Ke2
Rh3 66. Bf4 g5 67. Ra6+ Kf7 68. Bxg5 Rxh2+ 69. Ke3 Rb2 70. Rf6+ Kg7 71. Rxf5
Kg6 72. Re5 h5 73. Bf4 h4 74. Rg5+ Kf7 75. Kxe4 h3 76. Rh5 Rb3 77. Rh6 Rb4+ 78.
Kf5 Rb5+ 79. Be5 Ra5 80. Rh7+ Ke8 81. Ke6 Ra6+ 82. Bd6 Ra8 1-0

[Event "NK Jeugd Cm"]
[Site "Assen"]
[Date "2017.04.29"]
[Round "9.7"]
[White "Woest, Imre"]
[Black "Van Essen, Marieke"]
[Result "1-0"]
[WhiteElo "1332"]
[BlackElo "821"]
[PlyCount "115"]
[EventDate "2017.??.??"]

1. e4 e5 2. Nf3 Nc6 3. Bb5 a6 4. Ba4 Nf6 5. O-O b5 6. Bb3 Bc5 7. c3 O-O 8. Re1
Bb7 9. d4 exd4 10. cxd4 Bb4 11. Bd2 h6 12. Bxb4 Nxb4 13. Nc3 Re8 14. d5 a5 15.
e5 a4 16. exf6 Rxe1+ 17. Nxe1 axb3 18. Qxb3 Na6 19. fxg7 Qg5 20. Nf3 Qxg7 21.
Nxb5 Nc5 22. Qc3 Qxc3 23. Nxc3 Re8 24. Re1 Ra8 25. Re3 d6 26. h3 Nd7 27. Nd4
Ne5 28. Ndb5 Nc4 29. Rg3+ Kh7 30. b3 Ne5 31. Nxc7 Rc8 32. N7b5 Rd8 33. Ne4 Ra8
34. Nbxd6 Ba6 35. h4 Bd3 36. Nf6+ Kh8 37. f4 Ng6 38. Rxd3 Nxf4 39. Rg3 Ne2+ 40.
Kf2 Nxg3 41. Kxg3 Kg7 42. Nde4 Kf8 43. d6 Rxa2 44. Nd5 Ke8 45. Nef6+ Kf8 46. d7
Ra8 47. Nb4 Ke7 48. Nc6+ Kxf6 49. d8=Q+ Rxd8 50. Nxd8 Ke7 51. Nc6+ Kd6 52. Nd4
Kc5 53. Nf5 h5 54. Ng7 Kb4 55. Nxh5 Kxb3 56. Nf6 Kc4 57. h5 Kd4 58. Kf4 1-0

[Event "NK Jeugd Cm"]
[Site "Assen"]
[Date "2017.04.29"]
[Round "9.8"]
[White "Arnold, Kiri"]
[Black "Lukasiak, Alicja"]
[Result "1-0"]
[WhiteElo "1104"]
[BlackElo "175"]
[PlyCount "57"]
[EventDate "2017.??.??"]

1. e4 e5 2. Nf3 Nc6 3. Bb5 Nge7 4. c3 a6 5. Ba4 b5 6. Bb3 Ng6 7. Bd5 Bb7 8. O-O
Be7 9. d4 d6 10. Nbd2 O-O 11. Re1 Rb8 12. Nf1 Bf6 13. Ng3 exd4 14. cxd4 Bh4 15.
Nf5 Re8 16. a3 Na5 17. Bxf7+ Kxf7 18. N5xh4 Nxh4 19. Bg5 Qd7 20. Bxh4 Bxe4 21.
Ng5+ Kg8 22. Rxe4 Rxe4 23. Nxe4 Rf8 24. Qh5 Re8 25. Qd5+ Re6 26. Ng5 c6 27.
Qxe6+ Qxe6 28. Nxe6 Nb3 29. Re1 1-0

[Event "NK Jeugd Cm"]
[Site "Assen"]
[Date "2017.04.29"]
[Round "9.9"]
[White "Hatzmann, Mirthe"]
[Black "Van Dongen, Lana"]
[Result "1-0"]
[WhiteElo "915"]
[BlackElo "906"]
[PlyCount "129"]
[EventDate "2017.??.??"]

1. e4 Nc6 2. Nf3 d5 3. exd5 Qxd5 4. Nc3 Qa5 5. Bc4 a6 6. h3 Bd7 7. b3 g6 8. Bb2
Bg7 9. Qe2 Nd4 10. Nxd4 Bxd4 11. Qe4 Qe5 12. Qxe5 Bxe5 13. O-O b5 14. Rfe1 Bg7
15. Bd3 e6 16. Rab1 Rb8 17. Nxb5 Bxb2 18. Nxc7+ Kd8 19. Nxa6 Ra8 20. Rxb2 Bc8
21. Nb4 Bb7 22. Be4 Bxe4 23. Rxe4 Nf6 24. Rf4 Ke7 25. Nc6+ Kd6 26. Rxf6 Kxc6
27. Rxf7 Rad8 28. d3 e5 29. Rb1 Ra8 30. a4 Kd5 31. Rc7 Rac8 32. Rxc8 Rxc8 33.
Rc1 Kd4 34. Kf1 h6 35. Ke2 h5 36. Kd2 Rf8 37. f3 Kc5 38. Re1 Re8 39. f4 Kd5 40.
fxe5 Rxe5 41. Rxe5+ Kxe5 42. Ke3 Kd5 43. c3 Ke5 44. c4 Kd6 45. Kd4 g5 46. g4
hxg4 47. hxg4 Ke6 48. c5 Kd7 49. Kd5 Kc7 50. b4 Kd7 51. b5 Kc7 52. a5 Kd7 53.
a6 Kc7 54. b6+ Kb8 55. Kc6 Ka8 56. b7+ Kb8 57. a7+ Kxa7 58. Kc7 Ka6 59. b8=Q
Ka5 60. c6 Ka4 61. Kd6 Ka5 62. c7 Ka4 63. c8=Q Ka5 64. d4 Ka4 65. Qa6# 1-0

[Event "NK Jeugd Cm"]
[Site "Assen"]
[Date "2017.04.29"]
[Round "9.10"]
[White "Bruggink, Lyne"]
[Black "Rijken, Heidi"]
[Result "0-1"]
[WhiteElo "849"]
[BlackElo "1035"]
[PlyCount "82"]
[EventDate "2017.??.??"]

1. e4 d5 2. e5 Nc6 3. Nf3 Bg4 4. Nc3 Nxe5 5. Be2 Nxf3+ 6. Bxf3 Bxf3 7. Qxf3 Nf6
8. O-O e6 9. d4 Be7 10. Bg5 Qd7 11. Rfe1 O-O-O 12. Bxf6 Bxf6 13. Rad1 Rdf8 14.
b3 a6 15. Na4 Qc6 16. Qg3 Rd8 17. Rd3 Qd6 18. Qxd6 Rxd6 19. Red1 Rc6 20. Rc3
Rxc3 21. Nxc3 Rd8 22. Na4 Rd6 23. Nc5 Rc6 24. Rd2 Bxd4 25. Na4 Bf6 26. b4 b5
27. Nc5 Bc3 28. Re2 Bxb4 29. Nd3 Bd6 30. g3 Kd7 31. a3 Rc3 32. f4 Rxa3 33. Kf2
Rc3 34. Kg2 b4 35. Kh3 b3 36. Re3 b2 37. Re1 Rxc2 38. Rb1 Ba3 39. Ne5+ Ke7 40.
Nd3 Rc1 41. Nxc1 bxc1=Q 0-1

[Event "NK Jeugd Cm"]
[Site "Assen"]
[Date "2017.04.29"]
[Round "9.11"]
[White "Stevanovic, Alexandra"]
[Black "Mang, Dalya"]
[Result "0-1"]
[WhiteElo "839"]
[BlackElo "1000"]
[PlyCount "118"]
[EventDate "2017.??.??"]

1. e4 e5 2. Nf3 Nc6 3. Bc4 Bc5 4. d3 h6 5. Nc3 Nf6 6. O-O d6 7. h3 O-O 8. Be3
Bb6 9. Nd2 Na5 10. Qf3 Bxe3 11. fxe3 Nxc4 12. Nxc4 Be6 13. Rad1 Nd7 14. Qg3 Qe7
15. Na5 b6 16. Nc6 Qe8 17. Qh4 Nf6 18. Qg3 Kh7 19. Nb4 c6 20. a3 Rd8 21. a4 Bd7
22. b3 a5 23. Nba2 d5 24. d4 exd4 25. Rxd4 c5 26. Rdd1 dxe4 27. Nd5 Nxd5 28.
Rxd5 Bc6 29. Rxd8 Qxd8 30. Qf2 Qg5 31. Qf5+ Qxf5 32. Rxf5 f6 33. Nc3 Rd8 34.
Rf2 Kg6 35. Kh1 f5 36. Na2 Kf6 37. g4 g6 38. Kg2 Ke5 39. Kg3 Rh8 40. Kh4 Be8
41. c4 g5+ 42. Kg3 Bg6 43. Nc3 h5 44. gxh5 Bxh5 45. h4 gxh4+ 46. Kxh4 Bd1+ 47.
Kg5 Rg8+ 48. Kh4 Bxb3 49. Rb2 Bxc4 50. Rxb6 f4 51. exf4+ Kxf4 52. Rf6+ Ke5 53.
Rf2 e3 54. Rc2 Kd4 55. Nd1 e2 56. Rd2+ Ke4 57. Nc3+ Ke3 58. Nd1+ Ke4 59. Nc3+
Ke3 0-1